| 000 | 00508nam a2200181Ia 4500 | ||
|---|---|---|---|
| 001 | 24140 | ||
| 005 | 20260414151023.0 | ||
| 008 | 260414t2024||||xx |||||||||||||| ||spa|| | ||
| 041 | _aESP | ||
| 082 |
_a781.62985 _bCH526 |
||
| 100 |
_aChase Smith, Richard, _eAUT |
||
| 245 | 0 |
_aCanciones de nuestros ancestros inmortales : _búsica yánesha y la antigua religión del Perú central |
|
| 260 | _c2024 | ||
| 300 |
_a307 páginas : _c24 cm. |
||
| 650 | _aABD | ||
| 654 | _aCAU | ||
| 942 |
_cLIB _dJUS _fJUS _2ddc _n |
||
| 999 |
_c24140 _d24140 |
||